| 000 | 01106nam a22003014aa4500 | ||
|---|---|---|---|
| 003 | BOFEUTO | ||
| 005 | 20260512152417.0 | ||
| 008 | 260504t2025 bo gr 000 f spa d | ||
| 040 |
_6BOFEUTO _aBOFEUTO _cBOFEUTO |
||
| 041 | _aspa | ||
| 044 | _abo | ||
| 082 |
_aTE6299 _bM113e |
||
| 100 | _aMachicado Narváez, Anahí Andrea | ||
| 100 | _eautor | ||
| 245 |
_aEstrategias de neuromarketing para mejorar la atención de los pacientes de la Clínica Dental Titanium de la ciudad de Oruro. / _cAnahí Andrea Machicado Narváez, César Choque García |
||
| 260 |
_aOruro : _bs/n, _c2025. |
||
| 300 |
_a98 hojas ; _bgráf, ilus. ; _c28.5 cm . |
||
| 500 | _aIncluye bibliografía, anexos. | ||
| 502 | _aTesis Dirigida, (Licenciatura) -- Universidad Técnica de Oruro, Facultad de Ciencias Económicas, Financieras y Administrativas, Carrera Administración de Empresas, 2025. | ||
| 650 | _aAdministración | ||
| 653 | _aNeuromarketing | ||
| 653 | _aServicios | ||
| 653 | _aCalidad | ||
| 653 | _aEstrategias | ||
| 700 |
_aChoque García, César _etutor |
||
| 942 |
_2ddc _cTE _n0 |
||
| 942 |
_n0 _2ddc |
||
| 999 |
_c16154 _d16154 |
||